Industrial engineering and management : a new perspective

Saved in:
Bibliographic Details
Main Author: Hicks, Philip E.
Format: Book
Language:English
Published: New York : McGraw-Hill, c1994
Edition:2nd ed.
Series:McGraw-Hill series in industrial engineering and management science
Subjects:
Tags: Add Tag
No Tags, Be the first to tag this record!

MARC

LEADER 00000nam a2200000 i 4500
001 1/24366
008 981201s1994 eng d
020 |a 0-07-113357-7 
035 |l 10037076 
040 |a GR-MY-UA  |b gre  |e aacr 
041 0 |a eng 
082 0 |a 658.5 
100 1 |a Hicks, Philip E. 
245 1 0 |a Industrial engineering and management :  |b a new perspective /  |c Philip E. Hicks 
250 |a 2nd ed. 
260 |a New York :   |b McGraw-Hill,   |c c1994 
300 |a 455 p. 
490 1 |a McGraw-Hill series in industrial engineering and management science 
500 |a Rev. ed. of: Introduction to industrial engineering and management science, c1977 
504 |a Includes bibliographical references and index 
650 0 0 |a Industrial engineering. 
830 0 |a McGraw-Hill series in industrial engineering and management science 
852 |a INST  |b LESVOS  |e 19981201  |h 628.5 HIC  |p 005100017335  |q 005100017335  |t BK  |y 0 
901 |a BIBL-1999-1 
909 |a Λ  |b 059877 
922 |a 1ΕΛΗ  |b 199810  |c ΚΠΣ/ΤΠ  |d ΠΑΠΑΣΩΤΗΡΙΟΥ 
950 |a 107-1998-07-17